000 00563nam a22001817a 4500
005 20251126172719.0
008 251117b |||||||| |||| 00| 0 eng d
020 _a978-81-19613-95-3
041 _aeng
082 _a615.320 72 DHA-P
100 _aDHAKER, DR KEHAR SINGH. JAIN; DR. ASHISH & SINGHAI, DR . AKHILESH KUMAR
_98735
245 _aA PRACTICAL BOOK OF HERBAL DRUG TECHNOLOGY FOR B. PHARMA [VI SEMESTER]
250 _a1ST ED. 2024
260 _aNEW DELHI
_bINNOVATIVE PUBLISHERS PVT. LTD
_c2024
300 _a101;P
650 _aPHARMACY
942 _cBK
999 _c8907
_d8905